Al-shifā’ : (Record no. 35583)

MARC details
000 -LEADER
fixed length control field 00499nam a22001457a 4500
005 - DATE AND TIME OF LATEST TRANSACTION
control field 20240423155722.0
008 - FIXED-LENGTH DATA ELEMENTS--GENERAL INFORMATION
fixed length control field 240423b |||||||| |||| 00| 0 eng d
082 ## - DEWEY DECIMAL CLASSIFICATION NUMBER
Classification number 297.63
Item number FAZ-A
100 ## - MAIN ENTRY--AUTHOR
Author Name Abū al-Fāz̤il Qāz̤ī ̒Ayāz̤
245 ## - TITLE STATEMENT
Title Al-shifā’ :
Remainder of title bata̒rīf ḥaqūq-i al-Muṣtafá Ṣallallāhu ̒alaihi va sallam /
Statement of responsibility, etc. Abū al-Fāz̤il Qāz̤ī ̒Ayāz̤
260 ## - PUBLICATION, DISTRIBUTION, ETC.
Place of Publication Pakistan :
Name of publisher, distributor, etc. Muktabah Rehmaniya ;
300 ## - PHYSICAL DESCRIPTION
Pages 335 p. :
650 ## - SUBJECT ADDED ENTRY--TOPICAL TERM
Subject / Department Literature / Islamic
300 ## - PHYSICAL DESCRIPTION
-- 25 cm.
952 ## - LOCATION AND ITEM INFORMATION (KOHA)
-- 0
-- 0
Holdings
Lost status Damaged status Collection code Permanent Location Current Location Shelving Location Date acquired Full Call Number Accession No./Barcode Date last seen item type Koha item type
    Literature/Urdu/eng/Islamic Superior Information Resource Center (SIRC) Superior University- Central Library Superior Information Resource Center (SIRC) Superior University- Central Library Literature 04/23/2024 297.63 FAZ-A 29359 04/26/2024 BOOK BOOK

Powered by Koha